000 00488nam a22001937a 4500
999 _c1771
_d1771
003 SLTCLib
008 251209b ce ||||| |||| 00| 0 eng d
020 _a9789380644905
041 _aEnglish
082 _a516
_bBAR
100 _aBaruah, Srinath
_93227
245 _aBasic Mathematics & its Application in Economics
250 _a2nd ed
260 _aBangalore
_bTrinity Press
_c2001
300 _a488p.
650 0 _95
_aMathematics
650 0 _9100
_aEconomics
942 _2ddc
_cMLN
945 _a3725
_bIshara wickramage
_c3725
_dIshara wickramage